LEADER 00748nam0-22002771i-450- 001 990005062340403321 005 20090612123819.0 035 $a000506234 035 $aFED01000506234 035 $a(Aleph)000506234FED01 035 $a000506234 100 $a19990604g19659999km-y0itay50------ba 101 0 $aita 105 $ay-------001yy 200 1 $aAliénor d'Aquitaine$fRégine Pernoud 210 $aParis$cEd. Michel$dc1965 215 $a294 p.$d20 cm 676 $a944.02 700 1$aPernoud,$bRégine$f<1909-1998>$0387598 801 0$aIT$bUNINA$gRICA$2UNIMARC 901 $aBK 912 $a990005062340403321 952 $a944.02 PER 2$bFil.Mod. 18055$fFLFBC 959 $aFLFBC 996 $aAlienor d'Aquitaine$9211820 997 $aUNINA LEADER 01661cam--2200445---450- 001 990001699810203316 005 20111027140147.0 010 $a88-14-10333-X 035 $a000169981 035 $aUSA01000169981 035 $a(ALEPH)000169981USA01 035 $a000169981 100 $a20040526d2003----km-y0enga50------ba 101 $aita 102 $aIT 105 $aa|||z|||101yy 200 1 $aAlberico Gentili$e<> soluzione pacifica delle controversie internazionali$eatti del convegno$enona giornata gentiliana, San Ginesio, 29-30 settembre 2000$fCentro Internazionale di Studi Gentiliani 210 $aMilano$cGiuffrè$dcopyr. 2003 215 $a268 p.$d23 cm 225 2 $aCentro internazionale di studi gentiliani$v9 410 0$12001$aCentro internazionale di studi gentiliani$v9 606 0 $aControversie internazionali$xComposizione pacifica 676 $a341.52 710 12$aGiornata Gentiliana$d<9.;$f2000;$eSan Ginesio>$0301852 711 12$aCentro Internazionale di Studi Gentiliani$0562249 801 0$aIT$bsalbc$gISBD 912 $a990001699810203316 951 $aXXIII.1.L. 73 (IG VIII 5 115)$b41185 G.$cXXIII.1.L.$d00135455 959 $aBK 969 $aGIU 979 $aMARIA$b10$c20040526$lUSA01$h1234 979 $aFIORELLA$b90$c20041025$lUSA01$h1027 979 $aFIORELLA$b90$c20041025$lUSA01$h1027 979 $aFIORELLA$b90$c20090216$lUSA01$h1336 979 $aFIORELLA$b90$c20090216$lUSA01$h1336 979 $aRSIAV3$b90$c20091012$lUSA01$h1834 979 $aCHIARA$b90$c20111027$lUSA01$h1401 979 $aCHIARA$b90$c20111027$lUSA01$h1402 996 $aAlberico Gentili$9948464 997 $aUNISA LEADER 01269nam--2200397---450- 001 990002747740203316 005 20060606143658.0 010 $a88-8294-428-X 035 $a000274774 035 $aUSA01000274774 035 $a(ALEPH)000274774USA01 035 $a000274774 100 $a20060606d2002----km-y0itay0103----ba 101 $aita 102 $aIT 105 $a||||||||001yy 200 1 $a<> gestione degli imballaggi$ela gestione sostenibile degli imballaggi e dei rifiuti di imballaggio in Italia. Un primo bilancio dopo cinque anni di attività$fdi Maurizio Boccacci Mariani, Massimo Medugno, Daniele Trombetta 210 $aPiacenza$cLa tribuna$d2002 215 $a253 p.$d25 cm 225 2 $aAmbiente & salute 410 0$12001$aAmbiente & salute 454 1$12001 461 1$1001-------$12001 606 0 $aRifiuti di imballaggi 676 $a363.7288 700 1$aBOCCACCI MARIANI,$bMaurizio$0416871 701 1$aMEDUGNO,$bMassimo$079393 701 $aTROMBETTA,$bDaniele$0416872 801 0$aIT$bsalbc$gISBD 912 $a990002747740203316 951 $aP13 756$bDISTRA 959 $aBK 969 $aDISTRA 979 $aDISTRA1$b90$c20060606$lUSA01$h1436 996 $aGestione degli imballaggi$9679339 997 $aUNISA